000 00961nam a22002412i 4500
001 25739
003 BD-RjUL
005 20211209050924.0
008 140319s1969 ja abcf 000 0beng d
035 _a(BD-RjUL)25809
040 _aUBY
_cUBY
_dMIA
_dEQO
_dBD-RjUL
_beng
041 1 _aengkor
082 _a951.93040924
_bBOK V-1 1969
090 _aDS934.K5
_bP2731x
100 1 _aBong, Baik
_979067
245 0 0 _aKim Il Sung :
_bbiography /
_cBaik Bong
_nVol. I
_pFrom birth to triumphant return to homeland.
260 _aTokyo :
_bMiraisha,
_cc1969.
300 _a3 v., [25] leaves of plates :
_bill., maps (some fold.), ports. ;
_c22 cm
500 _aTranslation of Minjok ui taeyang Kim Il-song Changgun
505 0 _a1. From birth to triumphant return to homeland.--2. From building Democratic Korea to Chullima flight.--3. From independent national economy to 10-point political programme
600 1 0 _aKim, Il-sŏng,
_d1912-1994.
_9115010
942 _2ddc
_cBK
999 _c25739
_d25739